00670nam a2200217Ia 4500003000900000008004100009040001300050040001300063041000800076100001900084100000900103245006400112250000900176260002100185260000900206300000800215490000600223942000700229999001700236952019900253IT-RoPAU120407s9999 xx 000 0 und d aIT-RoPAU cIT-RoPAU aita aRaniero Luconi ctor. aSulla via di Roma. Conferenze per l’unità della Chiesa. aRoma aEdizioni Paoline c1946 c cm v1 cBK c18523d18523 00102ddc406208_28700000000000071aPAULUSbPAULUSd2012-04-11l0o208.287r2012-04-11 00:00:00w2012-04-11yBKzInserito da: Jole In data: 15 settembre 2011 fondo: Via A.Severo 56 Progr:34216